书目信息 |
| 题名: |
有效领导力
|
|
| 作者: | 豪厄尔, , 科斯特利, 著 ;付彦 译 | |
| 分册: | ||
| 出版信息: | 北京 机械工业出版社 2003.07 |
|
| 页数: | 16, 354页 | |
| 开本: | 24cm | |
| 丛书名: | ||
| 单 册: | ||
| 中图分类: | C933.2 | |
| 科图分类: | ||
| 主题词: | 领导艺术 | |
| 电子资源: | ||
| ISBN: | 7-111-12167-8 | |
| 000 | 01159nam0 2200289 450 | |
| 001 | 0128801861 | |
| 005 | 20051130163825.09 | |
| 010 | @a7-111-12167-8@dCNY38.00 | |
| 100 | @a20050220d2003 km y0chiy0120 ea | |
| 101 | 1 | @achi@ceng |
| 102 | @aCN@b110000 | |
| 105 | @aa a 000yy | |
| 200 | 1 | @a有效领导力@Ayou xiao ling dao li@f(美) 乔恩 P. 豪威尔, 丹 L. 科斯特利著@F(mei)qiao en P.hao wei er,dan L.ke si te li zhu@d= Understanding behaviors for effective leadership@fJon P. Howell, Dan L. Costley@g付彦等译@Gfu yan deng yi@zeng |
| 210 | @a北京@c机械工业出版社@d2003.07 | |
| 215 | @a16, 354页@c图@d24cm | |
| 306 | @a由Prentice-Hall, Inc.授权出版 | |
| 314 | @a责任者Howell规范汉译姓 : 豪厄尔 | |
| 320 | @a有书目。 | |
| 330 | @a本书共三篇17章。内容包括:领导的基本概念、核心领导行为、当前组织中的领导议题。 | |
| 510 | 1 | @aUnderstanding behaviors for effective leadership@zeng |
| 606 | 0 | @a领导艺术 |
| 690 | @aC933.2@v4 | |
| 701 | 1 | @a豪厄尔,@Ahao e er,@bJ. P.@g(Howell, Jon P.)@4著 |
| 701 | 1 | @a科斯特利,@Ake si te li,@bD. L.@g(Costley, Dan L.)@4著 |
| 702 | 0 | @a付彦@Afu yan@4译 |
| 801 | 0 | @aCN@bQSSK@c20051130 |
| 905 | @a10447@dC933.2@eH135 | |
| 有效领导力/(美) 乔恩 P. 豪威尔, 丹 L. 科斯特利著= Understanding behaviors for effective leadership/Jon P. Howell, Dan L. Costley/付彦等译.-北京:机械工业出版社,2003.07 |
| 16, 354页:图;24cm |
| ISBN 7-111-12167-8:CNY38.00 |
| 本书共三篇17章。内容包括:领导的基本概念、核心领导行为、当前组织中的领导议题。 |
| ● |
| 相关链接 |
|
|
|
正题名:有效领导力
索取号:C933.2/H135
 
预约/预借
| 序号 | 登录号 | 条形码 | 馆藏地/架位号 | 状态 | 备注 |
| 1 | 576627 | 205766278 | 社科库509/509社科库 65排8列1层/ [索取号:C933.2/H135] | 在馆 | |
| 2 | 576628 | 205766287 | 社科库509/509社科库 65排8列1层/ [索取号:C933.2/H135] | 在馆 | |
| 3 | 576629 | 205766296 | 社科库509/509社科库 65排8列1层/ [索取号:C933.2/H135] | 在馆 |